Tests of a model of production for the Federal Republic of Germany, 1950-1973 (Registro nro. 26979)

Detalles MARC
000 -LEADER
fixed length control field 00399 a2200121 4500
001 - CONTROL NUMBER
control field ART_14669
005 - DATE AND TIME OF LATEST TRANSACTION
control field 20260410161913.0
008 - FIXED-LENGTH DATA ELEMENTS--GENERAL INFORMATION
fixed length control field 260409a
100 1# - MAIN ENTRY--PERSONAL NAME
Personal name Jorgenson, Dale W.
245 10 - TITLE STATEMENT
Title Tests of a model of production for the Federal Republic of Germany, 1950-1973
700 1# - ADDED ENTRY--PERSONAL NAME
Personal name Conrad, Klaus
773 0# - HOST ITEM ENTRY
Title European economic review
Related parts - Vol. 10, Nº 1 (oct. 1977)
Record control number REV13346

No hay ítems disponibles.